<?xml version="1.0" encoding="UTF-8"?>
<collection xmlns="http://www.loc.gov/MARC21/slim">
    <record>
        <controlfield tag="001">65233</controlfield>
        <controlfield tag="005">20191126134630.0</controlfield>
        <datafield tag="024" ind1="7" ind2=" ">
            <subfield code="2">doi</subfield>
            <subfield code="a">10.4018/IJSWIS.2018010101</subfield>
        </datafield>
        <datafield tag="024" ind1="8" ind2=" ">
            <subfield code="2">sideral</subfield>
            <subfield code="a">102114</subfield>
        </datafield>
        <datafield tag="037" ind1=" " ind2=" ">
            <subfield code="a">ART-2018-102114</subfield>
        </datafield>
        <datafield tag="041" ind1=" " ind2=" ">
            <subfield code="a">eng</subfield>
        </datafield>
        <datafield tag="100" ind1=" " ind2=" ">
            <subfield code="a">Pan, Jeff Z.</subfield>
        </datafield>
        <datafield tag="245" ind1=" " ind2=" ">
            <subfield code="a">Predicting reasoner performance on ABox intensive OWL 2 EL ontologies</subfield>
        </datafield>
        <datafield tag="260" ind1=" " ind2=" ">
            <subfield code="c">2018</subfield>
        </datafield>
        <datafield tag="506" ind1="0" ind2=" ">
            <subfield code="a">Access copy available to the general public</subfield>
            <subfield code="f">Unrestricted</subfield>
        </datafield>
        <datafield tag="520" ind1="3" ind2=" ">
            <subfield code="a">In this article, the authors introduce the notion of ABox intensity in the context of predicting reasoner performance to improve the representativeness of ontology metrics, and they develop new metrics that focus on ABox features of OWL 2 EL ontologies. Their experiments show that taking into account the intensity through the proposed metrics contributes to overall prediction accuracy for ABox intensive ontologies.</subfield>
        </datafield>
        <datafield tag="536" ind1=" " ind2=" ">
            <subfield code="9">info:eu-repo/grantAgreement/ES/MINECO/TIN2016-78011-C4-3-R</subfield>
            <subfield code="9">info:eu-repo/grantAgreement/ES/MINECO/TIN2013-46238-C4-4-R</subfield>
            <subfield code="9">info:eu-repo/grantAgreement/EC/FP7/286348/EU/Knowledge Driven Data Exploitation/K-DRIVE</subfield>
            <subfield code="9">info:eu-repo/grantAgreement/ES/DGA/FSE</subfield>
        </datafield>
        <datafield tag="540" ind1=" " ind2=" ">
            <subfield code="9">info:eu-repo/semantics/openAccess</subfield>
            <subfield code="a">All rights reserved</subfield>
            <subfield code="u">http://www.europeana.eu/rights/rr-f/</subfield>
        </datafield>
        <datafield tag="590" ind1=" " ind2=" ">
            <subfield code="a">1.833</subfield>
            <subfield code="b">2018</subfield>
        </datafield>
        <datafield tag="591" ind1=" " ind2=" ">
            <subfield code="a">COMPUTER SCIENCE, INFORMATION SYSTEMS</subfield>
            <subfield code="b">91 / 155 = 0.587</subfield>
            <subfield code="c">2018</subfield>
            <subfield code="d">Q3</subfield>
            <subfield code="e">T2</subfield>
        </datafield>
        <datafield tag="591" ind1=" " ind2=" ">
            <subfield code="a">COMPUTER SCIENCE, ARTIFICIAL INTELLIGENCE</subfield>
            <subfield code="b">79 / 133 = 0.594</subfield>
            <subfield code="c">2018</subfield>
            <subfield code="d">Q3</subfield>
            <subfield code="e">T2</subfield>
        </datafield>
        <datafield tag="592" ind1=" " ind2=" ">
            <subfield code="a">0.283</subfield>
            <subfield code="b">2018</subfield>
        </datafield>
        <datafield tag="593" ind1=" " ind2=" ">
            <subfield code="a">Information Systems</subfield>
            <subfield code="c">2018</subfield>
            <subfield code="d">Q3</subfield>
        </datafield>
        <datafield tag="593" ind1=" " ind2=" ">
            <subfield code="a">Computer Networks and Communications</subfield>
            <subfield code="c">2018</subfield>
            <subfield code="d">Q3</subfield>
        </datafield>
        <datafield tag="655" ind1=" " ind2="4">
            <subfield code="a">info:eu-repo/semantics/article</subfield>
            <subfield code="v">info:eu-repo/semantics/acceptedVersion</subfield>
        </datafield>
        <datafield tag="700" ind1=" " ind2=" ">
            <subfield code="0">(orcid)0000-0003-4239-8785</subfield>
            <subfield code="a">Bobed, Carlos</subfield>
        </datafield>
        <datafield tag="700" ind1=" " ind2=" ">
            <subfield code="a">Guclu, Isa</subfield>
        </datafield>
        <datafield tag="700" ind1=" " ind2=" ">
            <subfield code="0">(orcid)0000-0001-5136-4152</subfield>
            <subfield code="a">Bobillo, Fernando</subfield>
            <subfield code="u">Universidad de Zaragoza</subfield>
        </datafield>
        <datafield tag="700" ind1=" " ind2=" ">
            <subfield code="a">Kollingbaum, Martin J.</subfield>
        </datafield>
        <datafield tag="700" ind1=" " ind2=" ">
            <subfield code="0">(orcid)0000-0002-7462-0080</subfield>
            <subfield code="a">Mena, Eduardo</subfield>
            <subfield code="u">Universidad de Zaragoza</subfield>
        </datafield>
        <datafield tag="700" ind1=" " ind2=" ">
            <subfield code="a">Li, Yuan-Fang</subfield>
        </datafield>
        <datafield tag="710" ind1="2" ind2=" ">
            <subfield code="1">5007</subfield>
            <subfield code="2">570</subfield>
            <subfield code="a">Universidad de Zaragoza</subfield>
            <subfield code="b">Dpto. Informát.Ingenie.Sistms.</subfield>
            <subfield code="c">Área Lenguajes y Sistemas Inf.</subfield>
        </datafield>
        <datafield tag="773" ind1=" " ind2=" ">
            <subfield code="g">14, 1 (2018), 1-30</subfield>
            <subfield code="p">International Journal on Semantic Web and Information Systems</subfield>
            <subfield code="t">International Journal on Semantic Web and Information Systems</subfield>
            <subfield code="x">1552-6283</subfield>
        </datafield>
        <datafield tag="856" ind1="4" ind2=" ">
            <subfield code="s">1111274</subfield>
            <subfield code="u">http://zaguan.unizar.es/record/65233/files/texto_completo.pdf</subfield>
            <subfield code="y">Postprint</subfield>
        </datafield>
        <datafield tag="856" ind1="4" ind2=" ">
            <subfield code="s">110583</subfield>
            <subfield code="u">http://zaguan.unizar.es/record/65233/files/texto_completo.jpg?subformat=icon</subfield>
            <subfield code="x">icon</subfield>
            <subfield code="y">Postprint</subfield>
        </datafield>
        <datafield tag="909" ind1="C" ind2="O">
            <subfield code="o">oai:zaguan.unizar.es:65233</subfield>
            <subfield code="p">articulos</subfield>
            <subfield code="p">driver</subfield>
        </datafield>
        <datafield tag="951" ind1=" " ind2=" ">
            <subfield code="a">2019-11-26-13:40:36</subfield>
        </datafield>
        <datafield tag="980" ind1=" " ind2=" ">
            <subfield code="a">ARTICLE</subfield>
        </datafield>
    </record>

    
</collection>